Urobme si jasno

Bibliographic Details
Main Author: (V.K.) (Author)
Format: Article
Language:Slovak
ISSN:0139-715X
Subjects:

MARC

LEADER 00000nab a2200000 a 4500
001 vtls000531976
003 SK-MaSNL
005 20260303005933.0
008 120928c1994 xo 0 slo
015 |a SNBRB19rr/mm-uuuuu 
035 |a CL0532114 
040 |a SNKBUCL  |b slo  |c SNKBUCL  |e AACR2 
041 0 |a slo 
044 |a xo  |c SK 
080 |a 336.243:338.48  |2 1981 
080 |a 338.48  |2 1981 
080 |a 336.271.1  |2 1981 
100 1 |a (V.K.)  |4 aut  |9 986717 
245 1 0 |a Urobme si jasno  |c (V.K.) 
650 0 7 |a ruch cestovný  |2 snkbucl  |9 467000 
650 0 7 |a daň z pridanej hodnoty  |2 snkbucl  |9 2119 
655 7 |a články z novín a časopisov  |2 snkbucl  |9 267496 
773 0 |t Technické noviny  |g Roč. 42, č. 27 (1994), s. 3  |x 0139-715X 
850 |a Slovenská národná knižnica v Martine  |a MTA001 
852 |a SNK  |b KIS3GCP 
958 |a RK 
992 |a RBX 
999 |c 1584913  |d 1586843